| 000 | 00975cpmaa2200265 4500 | ||
|---|---|---|---|
| 001 | mm 79000528 | ||
| 003 | DLC | ||
| 005 | 20260227111632.0 | ||
| 008 | 790403|||||||||||| eng | ||
| 010 | _amm 79000528 | ||
| 040 |
_aDLC _cDLC _dDLC _edacs |
||
| 072 | 7 |
_aN _2lcmd |
|
| 100 | 1 |
_aClayton, Thomas, _d1777-1854. |
|
| 245 | 0 | 0 |
_aThomas Clayton correspondence, _f1840. |
| 300 |
_a1 _fitem. |
||
| 506 | 0 | _aOpen to research. | |
| 545 | 0 | _aU.S. senator, U.S. representative, and public official of Delaware. | |
| 546 | _aCollection material in English. | ||
| 580 | _aForms part of: Miscellaneous Manuscripts collection. | ||
| 656 | 7 |
_aPublic officials _zDelaware. _2itoamc |
|
| 656 | 7 |
_aRepresentatives, U.S. Congress _zDelaware. _2itoamc |
|
| 656 | 7 |
_aSenators, U.S. Congress _zDelaware. _2itoamc |
|
| 999 |
_c40458 _d40458 |
||